<The> Marshmallow Test Understanding Self-Control and How to Master It
Uložené v:
| Hlavný autor: | |
|---|---|
| Médium: | Kniha |
| Jazyk: | English |
| Vydavateľské údaje: |
London
Corgi Books
2015
|
| Predmet: | |
| Tagy: |
Žiadne tagy, Buďte prvý, kto otaguje tento záznam!
|
MARC
| LEADER | 00000nam a2200000 4500 | ||
|---|---|---|---|
| 001 | 0247415 | ||
| 005 | 20240312115841.3 | ||
| 020 | |a 9780552168861 | ||
| 020 | |a 978-0-552-16886-1 | ||
| 041 | 0 | |a eng | |
| 044 | |a GB | ||
| 245 | 1 | 0 | |a <The> Marshmallow Test |b Understanding Self-Control and How to Master It |c Walter Mischel |
| 264 | 1 | |a London |b Corgi Books |c 2015 | |
| 300 | |a 325 s. | ||
| 610 | 2 | 0 | |a sebapoznanie |
| 610 | 2 | 0 | |a sebariadenie |
| 610 | 2 | 0 | |a sebavýchova |
| 610 | 2 | 0 | |a kontrola |
| 610 | 2 | 0 | |a plánovanie |
| 610 | 2 | 0 | |a dôchodky |
| 610 | 2 | 0 | |a emócie |
| 610 | 2 | 0 | |a osobnosť |
| 610 | 2 | 0 | |a psychológia |
| 100 | 1 | |a Mischel, Walter | |